The American family farm / (Record no. 184650)
[ view plain ]
| 000 -LEADER | |
|---|---|
| fixed length control field | 01613 a2200229 4500 |
| 003 - CONTROL NUMBER IDENTIFIER | |
| control field | NUST |
| 005 - DATE AND TIME OF LATEST TRANSACTION | |
| control field | 20230228115404.0 |
| 010 ## - LIBRARY OF CONGRESS CONTROL NUMBER | |
| LC control number | 96014778 |
| 040 ## - CATALOGING SOURCE | |
| Transcribing agency | Nust |
| 082 00 - DEWEY DECIMAL CLASSIFICATION NUMBER | |
| Classification number | 301.427,ADA |
| 100 1# - MAIN ENTRY--PERSONAL NAME | |
| Personal name | Adams, Bert N |
| 9 (RLIN) | 1478 |
| 245 14 - TITLE STATEMENT | |
| Title | The American family farm / |
| Statement of responsibility, etc. | Bert N Adams |
| 260 ## - PUBLICATION, DISTRIBUTION, ETC. | |
| Place of publication, distribution, etc. | Osceola, WI, USA : |
| Name of publisher, distributor, etc. | National Book Foundations |
| Date of publication, distribution, etc. | 1996. |
| 300 ## - PHYSICAL DESCRIPTION | |
| Extent | 380 p. : |
| Other physical details | ill. (some col.) ; |
| Dimensions | 27 cm. |
| 505 ## - FORMATTED CONTENTS NOTE | |
| Formatted contents note | Introduction to Family Study (Page-1), Family Structures and Varieties (Page-15), Family Varieties exemplified: Nayar, Papago, Chinese (Page-35), Antecedents of the Modern Amer- Ican Family (Page-55), The Family in a Differentiated Society: Toawrd A Theoretical Perspective (Page-79), Family Subcultures and Sub societies in the United States (Page-102), The Socialization Process (Page-134), Adolescence (Page-157), Premarital Relationship in the United States (Page-176), Premarital Relationship in the United States (Page-1760, Love and Mate Selection in the United States (Page-203), Marriage: Processes and Roles (Page-234), Marriage: Interactions and Adjustments (Page-259), Kinship Relations (Page-277), Aging and the Family in the Family to Change and Challenge (Page-3190, The Family in the United States: Retrospect and Prospect (Page-348). |
| 650 #0 - SUBJECT ADDED ENTRY--TOPICAL TERM | |
| Topical term or geographic name entry element | Family farms |
| Geographic subdivision | United States |
| General subdivision | History |
| -- | Pictorial works. |
| 9 (RLIN) | 104731 |
| 650 #0 - SUBJECT ADDED ENTRY--TOPICAL TERM | |
| Topical term or geographic name entry element | Family farms |
| Geographic subdivision | United States. |
| 9 (RLIN) | 104732 |
| 650 #0 - SUBJECT ADDED ENTRY--TOPICAL TERM | |
| Topical term or geographic name entry element | Photography of farms. |
| 9 (RLIN) | 104733 |
| 651 #0 - SUBJECT ADDED ENTRY--GEOGRAPHIC NAME | |
| Geographic name | United States |
| General subdivision | Rural conditions |
| -- | Pictorial works. |
| 9 (RLIN) | 104734 |
| 651 #0 - SUBJECT ADDED ENTRY--GEOGRAPHIC NAME | |
| Geographic name | United States |
| General subdivision | Rural conditions. |
| 9 (RLIN) | 33978 |
| 942 ## - ADDED ENTRY ELEMENTS (KOHA) | |
| Source of classification or shelving scheme | |
| Koha item type | Book |
| Call number prefix | 301.427,ADA |
| Withdrawn status | Lost status | Source of classification or shelving scheme | Damaged status | Not for loan | Permanent Location | Current Location | Shelving location | Date acquired | Full call number | Barcode | Date last seen | Price effective from | Koha item type | Public note |
|---|---|---|---|---|---|---|---|---|---|---|---|---|---|---|
| Military College of Signals (MCS) | Military College of Signals (MCS) | General Stacks | 12/12/2016 | 301.427,ADA | MCS34392 | 12/08/2016 | 12/12/2016 | Book | Almirah No.49, Shelf No.1 | |||||
| Military College of Signals (MCS) | Military College of Signals (MCS) | General Stacks | 12/12/2016 | 301.427,ADA | MCS34393 | 12/08/2016 | 12/12/2016 | Book | Almirah No.73, Shelf No.3 |
